000 00697nam a2200265Ia 4500
005 20260121172614.0
008 008 260114s9999 xx 000 0 eng d
020 _a9783030728540
037 _aEBOOK
040 _aCRL
040 _beng
040 _cCRL
041 _2eng
041 _aeng
084 _qCRL
100 _aChristopher M. Swan, Luz Boyero, Cristina Canhoto
_91090468
245 4 _aThe Ecology of Plant Litter Decomposition in Stream Ecosystems
260 _bSpringer
260 _bSpringer
260 _c2021
856 _uhttps://link.springer.com/openurl?genre=book&isbn=978-3-030-72854-0
942 _cEBOOK
999 _c1656208
_d1656208